| 000 | 01169cam a2200229 4500 | ||
|---|---|---|---|
| 001 | ABS63641 | ||
| 008 | 000000n2001 000 0 eng u | ||
| 035 | _a(Sirsi) u111752 | ||
| 100 | _aRawstron, A. | ||
| 245 | _aYou may not be able to restrict your liability | ||
| 260 | _c2001 | ||
| 490 |
_aConstruction News _v(6709) 29 March 2001, 14(1) |
||
| 520 | _aLooks at contract provisions that limit or exclude a party's liability for breach of contract. S3(2) of the Unfair Contract Terms Act 1977 states that a contract cannot exclude liability for a breach unless this can be shown to be "reasonable". Provides details of criteria set out in the Act which throw light on the term "reasonable". Discusses the case of "Watford Electronics v Sanderson CFL", which considered a number of these issues. Notes that the courts are generally reluctant to adjust commercial bargains. | ||
| 590 | _aABS | ||
| 650 | _aBREACH OF CONTRACT | ||
| 650 | _aUNFAIR CONTRACT TERMS ACT 1977 | ||
| 650 | _aLIABILITY | ||
| 650 | _aCONTRACTUAL PROVISIONS | ||
| 650 | _aWATFORD ELECTRONICS V SANDERSON CFL | ||
| 690 | _aBUILT ENVIRONMENT-BUILDING CONTRACT FORMS | ||
| 942 | _n0 | ||
| 999 |
_c66584 _d66584 |
||